Historia del tiempo: del Big Bang a los agujeros negros
Salvato in:
| Autore principale: | |
|---|---|
| Natura: | Libro |
| Lingua: | spagnolo |
| Pubblicazione: |
Barcelona
Crítica
2013
|
| Edizione: | 1a. ed |
| Serie: | Booket Ciencia, 55
|
| Soggetti: | |
| Tags: |
Aggiungi Tag
Nessun Tag, puoi essere il primo ad aggiungerne!!
|
MARC
| LEADER | 00000cam a2200000 a 4500 | ||
|---|---|---|---|
| 001 | UCC4129 | ||
| 003 | CL-VaPUC | ||
| 008 | 180713e20130000sp |||||||||||||||||spa|d | ||
| 020 | |a 9788408119593 | ||
| 082 | 0 | 4 | |a 520 |b HAW |2 21 |
| 100 | 0 | |a Hawking, Stephen W |e author |9 321623 | |
| 245 | 1 | 0 | |a Historia del tiempo: del Big Bang a los agujeros negros |
| 250 | |a 1a. ed | ||
| 300 | |a 245 p | ||
| 942 | |c BK | ||
| 945 | |d 20180713 16:22:00 |a dcastane | ||
| 260 | |a Barcelona |b Crítica |c 2013 | ||
| 650 | 0 | |a Astronomía |9 260985 | |
| 650 | 0 | |a Física |9 227844 | |
| 650 | 0 | |a Agujeros negros (Astronomía) |9 375418 | |
| 583 | |a last modification |c 20180713 16:22:00 |k Rodrigo Vera | ||
| 490 | 0 | |a Booket Ciencia, 55 | |
| 999 | |c 371726 |d 371724 | ||
| 952 | |0 0 |1 0 |3 erb |4 0 |6 520_000000000000000_HAW_2013 |7 0 |8 A |9 488840 |a BIBING |b BIBING |i 5474469 |o 520 HAW 2013 |p 5474469 |r 2025-01-20 |w 2019-11-24 |y BK |z Catalogado en:20180713 |k GEO | ||